000 00571nam a2200193Ia 4500
008 090123s9999 xx 000 0 und d
082 _b22149
_a891.463/मंगेश
100 _aमंगेशकर गीता
245 _aहेमा
250 _a1
260 _bप्रिया प्रकाशन
_c1993
300 _a184
600 _aमंगेशकर गीता
630 _aहेमा
700 _aबांदोडकर गौरी
700 _aमंगेशकर गीता
730 _aहेमा
942 _cBOOK
999 _c60221
_d60221